| 000 | 00467 a2200145 4500 | ||
|---|---|---|---|
| 082 | _aBEE-5 | ||
| 100 |
_aAbdul Hannan _992811 |
||
| 245 |
_aExtending GSM connectivity via optimized microcells/PMNs _cAbdul Hannan |
||
| 260 |
_aIslamabad _bNUST-SEECS _c2012 |
||
| 300 |
_a128p. _b;ill. _c;27cm.+ _eCD ROM |
||
| 500 | _aSupervisors: Dr. Adeel Baig, Mr. Maajid Maqbool | ||
| 563 | _aHB | ||
| 856 | _uhttp://10.250.8.41:8080/xmlui/handle/123456789/10710 | ||
| 942 |
_2ddc _cTHE |
||
| 999 |
_c11318 _d11318 |
||